| 000 | 01075nam a2200217Ia 4500 | ||
|---|---|---|---|
| 003 | Ost | ||
| 005 | 20260416102402.0 | ||
| 008 | 260416s9999||||xx |||||||||||||| ||und|| | ||
| 040 | _cfsecg | ||
| 041 | _aara | ||
| 082 | _a658.8 | ||
| 100 |
_aبلخيثر، سميرة _eمؤلف |
||
| 245 | 0 |
_aالتسويق العملياتي : _bمطبوعة موجهة لطلبة السنة الثالثة ليسانس / _c سميرة بلخيثر |
|
| 260 |
_aالجزائر _bجامعة الجزائر3: كلية العلوم الإقتصادية، العلوم التجارية وعلوم التسيير _c2024 |
||
| 300 |
_a111 ورقة _bايضاحات _c12 سم |
||
| 504 | _aالمراجع ص.99 | ||
| 520 | _aمدخل التسويق ، برنامج التسويق العملياتي ، استراتيجيات المزيج التسويقي وتقسيم السوق | ||
| 653 | _aالتسويق | ||
| 710 |
_aجامعة الجزائر3: كلية العلوم الإقتصادية، العلوم التجارية وعلوم التسيير _eناشر علمي |
||
| 942 | _cHANDOUT | ||
| 999 |
_c41468 _d41468 |
||